Logo BPK

Biblioteka

Politechniki Koszalińskiej

Sbornik zadać po atomnoj i jadernoj fizike / (Rekord nr 9197)

Szczegóły MARC
000 -ETYKIETA REKORDU
podpole kontrolne o stałej długości 00374nam a2200145 i 4500
001 - NUMER KONTROLNY REKORDU
pole kontrolne bg
040 ## - ŹRÓDŁO KATALOGOWANIA
Instytucja, która utworzyła rekord BPK
041 ## - KOD JĘZYKA
Kod języka tekstu pol
008 - POLE O STAŁEJ DŁUGOŚCI - DANE KONTROLNE
podpole kontrolne o stałej długości s pl f |000 0 pol
100 1# - NAZWA OSOBOWA
Nazwa osobowa Irodov, Igo~7r Evge~7nevič
Daty związane z nazwą (1923-2002).
245 ## - TYTUŁ/ODPOWIEDZIALNOŚĆ
Tytuł Sbornik zadać po atomnoj i jadernoj fizike /
Pozostałe elementy strefy tytułu i oznaczenia odpowiedzialności J.E. Irodow.
250 ## - STREFA WYDANIA
Oznaczenie wydania Wyd.5 popr.
260 ## - STREFA ADRESU WYDAWNICZEGO
Miejsce wydania Moskva,
Data publikacji, dystrybucji/powstania dokumentu 1971.
856 ## - LOKALIZACJA I DOSTĘP DO ELEKTRONICZNYCH DOKUMENTÓW ZDALNYCH
Link (URL) http://koha.tu.koszalin.pl/cgi-bin/koha/opac-detail.pl?biblionumber=9197
Tekst linku Katalog online BPK
942 ## - DODATKOWE ELEMENTY (KOHA)
Typ dokumentu Książka
Egzemplarze
Wycofany Status egzemplarza Uszkodzony Dostępność Lokalizacja stała Lokalizacja bieżąca Miejsce przechowywania Sygnatura Kod kreskowy Typ dokumentu
      Dostępny Biblioteka Politechniki Koszalińskiej Biblioteka Politechniki Koszalińskiej Wypożyczalnia BG 13380 01746259 Książka
© 2023 Biblioteka Politechniki Koszalińskiej :: KOHA